00956nam a22002417a 450000500170000000800410001702000180005804000180007608200190009410000290011324500850014225000120022726000490023930000290028865000360031765000510035365000230040470000240042770000330045194200290048499900190051395201820053220240402144029.0240402b ||||| |||| 00| 0 eng d a9789351611998 cAIMIT LIBRARY 21a658.4bNAHA aNahar, Amandeep.9157861 aOrganisational behaviour /cBy Amandeep Nahar, P.C.K Rao and Rajesh kumar Nigah. a1st ed. aNew Delhi :bSultan Chand and sons ,c2021. axxii,320 p.;bPBc25 cm. aEvolution of management9157862 aCommunication and transaction analysis9157863 aLeadership9157864 aRao, P.C.K.9157865 aNigah, Rajesh Kumar.9157866 2ddccBKe1stk658.4 NAHA c230645d230645 00102ddc40708MBAaAIMITbAIMITd2024-03-09eBiblios Book Pointg250.00iBill no:8339; Bill dt:2024-03-4l0o658.4 NAHApMBA14686r2026-05-23 00:00:00v225.00w2024-04-02yBK